| 000 | 00751nam a2200229 a 4500 | ||
|---|---|---|---|
| 001 | 000011921 | ||
| 005 | 20240412074228.0 | ||
| 008 | 091102s2004 dr a 000 j spa d | ||
| 020 | _a9993479004 | ||
| 040 |
_aDO-SdBNP _bspa _cBNPHU |
||
| 082 |
_aRD863.44 _bC745c |
||
| 100 | 1 |
_aConde Sturla, Pedro, _d1945- _928199 |
|
| 245 | 1 | 4 |
_aLos cuentos negros / _cPedro Conde Sturla. |
| 260 |
_aSanto Domingo : _bBúho, _c2004. |
||
| 300 |
_a132 p. : _bil. ; _c22 cm. |
||
| 500 | _aIncluye datos biográficos del autor en la contracubierta. | ||
| 500 | _aIncluye notas al pie de las páginas. | ||
| 590 | _aInventariado, 2019/VM | ||
| 650 | 0 |
_aCuentos dominicanos _9176 |
|
| 650 | 0 |
_aLiteratura dominicana. _967 |
|
| 910 | _aValidado. Control de calidad MFF | ||
| 999 |
_c11591 _d11591 |
||